header

Translational approaches in tissue engineering and regenerative medicine (Record no. 165129)

MARC details
000 -LEADER
fixed length control field 01926nam a2200397 a 4500
082 04 - DEWEY DECIMAL CLASSIFICATION NUMBER
Classification number 616.027
245 00 - TITLE STATEMENT
Title Translational approaches in tissue engineering and regenerative medicine
260 ## - PUBLICATION, DISTRIBUTION, ETC. (IMPRINT)
Place of publication Boston, Mass. ;
-- London :
Name of publisher Artech House,
Year of publication c2008.
300 ## - PHYSICAL DESCRIPTION
Number of Pages xxi, 516 p., 16 p. of plates :
Other physical details ill. (some col.) ;
490 1# - SERIES STATEMENT
Series statement Engineering in medicine & biology
505 0# - FORMATTED CONTENTS NOTE
Formatted contents note pt. 1. Principles of regenerative medicine -- pt. 2. Stem cells in regenerative medicine -- pt. 3. Regeneration of tissues and organs: translational approaches -- pt. 4. Engineered scaffolds and matrices: tailored for specific cell needs -- pt. 5. Common and enabling approaches in tissue engineering and regenerative medicine -- pt. 6. Federal funding, industrial approaches, and regulatory mechanisms.
650 #0 - SUBJECT ADDED ENTRY--TOPICAL TERM
Topical Term Tissue engineering.
Topical Term Regeneration (Biology)
Topical Term Stem cells.
Topical Term Medical genetics.
700 1# - ADDED ENTRY--PERSONAL NAME
Personal name Mao, Jeremy J.
856 40 - ELECTRONIC LOCATION AND ACCESS
Uniform Resource Identifier http://site.ebrary.com/lib/rucke/Doc?id=10312955

No items available.

© 2026 Rongo University
Contact us: librarian | system librarian | Rongo university